[Event "Karpenisi rapid op 12th"]
[Site "Karpenisi"]
[Date "2022.09.03"]
[Round "3"]
[White "Frendzas, Panayotis"]
[Black "Konstantelias, Konstantinos"]
[Result "1/2-1/2"]
[WhiteElo "2340"]
[BlackElo "1781"]
[PlyCount "59"]
[EventDate "2022.09.02"]
[EventType "swiss (rapid)"]
[EventRounds "7"]
[EventCountry "GRE"]
[SourceTitle "EXT 2024"]
[Source "ChessBase"]
[SourceDate "2023.10.10"]
[SourceVersion "1"]
[SourceVersionDate "2023.10.10"]
[SourceQuality "1"]

1. d4 Nf6 2. Nf3 c5 3. d5 d6 4. Nc3 e5 5. e4 Be7 6. Bb5+ Nbd7 7. a4 0-0 8. 0-0 h6 9. Nd2 Ne8 10. Bd3 g6 11. Nc4 Bg5 12. g3 Bxc1 13. Qxc1 Kh7 14. f4 Qe7 15. Qe3 a6 16. f5 Rg8 17. Qf3 Ndf6 18. Ne3 g5 19. Nc4 Rb8 20. a5 Nc7 21. Na4 Bd7 22. Nab6 Bb5 23. Na3 Bxd3 24. Qxd3 Nd7 25. Nac4 f6 26. c3 Nxb6 27. Nxb6 Na8 28. Nc4 Nc7 29. Na3 Qd7 30. Rfc1 1/2-1/2

[Event "Karpenisi rapid op 12th"]
[Site "Karpenisi"]
[Date "2022.09.02"]
[Round "1"]
[White "Frendzas, Panayotis"]
[Black "Kranas, Marios"]
[Result "1-0"]
[WhiteElo "2340"]
[BlackElo "1328"]
[PlyCount "101"]
[EventDate "2022.09.02"]
[EventType "swiss (rapid)"]
[EventRounds "7"]
[EventCountry "GRE"]
[SourceTitle "EXT 2024"]
[Source "ChessBase"]
[SourceDate "2023.10.10"]
[SourceVersion "1"]
[SourceVersionDate "2023.10.10"]
[SourceQuality "1"]

1. d4 d5 2. Nf3 Nf6 3. g3 g6 4. Bg2 Bg7 5. 0-0 0-0 6. c4 c6 7. cxd5 cxd5 8. Ne5 Nc6 9. Nc3 Ne4 10. Nxc6 bxc6 11. Nxe4 dxe4 12. Bxe4 Bxd4 13. Bh6 Bg7 14. Bxg7 Kxg7 15. Bxc6 Rb8 16. b3 Bh3 17. Bg2 Bxg2 18. Kxg2 Qb6 19. Qc2 Rfd8 20. Rfd1 Rbc8 21. Qb2+ Qf6 22. Qxf6+ Kxf6 23. Rxd8 Rxd8 24. Rc1 Rd2 25. Rc6+ e6 26. Ra6 Rxe2 27. Rxa7 Rb2 28. Kf3 h5 29. h4 e5 30. Ke3 Ke6 31. f4 f6 32. fxe5 fxe5 33. Ke4 Re2+ 34. Kf3 Rb2 35. Ra6+ Kf5 36. Ra4 Rd2 37. Ra5 Rd3+ 38. Kf2 Rd2+ 39. Ke3 Rg2 40. Kf3 Rd2 41. b4 Rd3+ 42. Kf2 Ke4 43. Ra6 Kf5 44. b5 e4 45. b6 Rd2+ 46. Ke3 Rb2 47. Ra5+ Kg4 48. Rg5+ Kh3 49. Rxg6 Rxa2 50. Kxe4 Kg2 51. Kd5 1-0

[Event "Larnaca OFIS op 2nd"]
[Site "Larnaca"]
[Date "2021.10.27"]
[Round "2"]
[White "Callier, Christophe"]
[Black "Frendzas, Panayotis"]
[Result "0-1"]
[WhiteElo "1966"]
[BlackElo "2228"]
[PlyCount "84"]
[EventDate "2021.10.22"]
[EventType "swiss"]
[EventRounds "9"]
[EventCountry "CYP"]
[SourceTitle "CBM 204 Extra"]
[Source "ChessBase"]
[SourceDate "2021.11.30"]
[SourceVersion "1"]
[SourceVersionDate "2021.11.30"]
[SourceQuality "1"]

1. e4 c5 2. Nf3 Nc6 3. b4 Nxb4 4. c3 Nc6 5. d4 d6 6. Be3 Nf6 7. Bd3 e6 8. 0-0 Be7 9. h3 0-0 10. Nbd2 b6 11. Qb1 h6 12. g4 e5 13. Bb5 Qc7 14. Bxc6 Qxc6 15. dxe5 dxe5 16. Nxe5 Qe6 17. f4 Bb7 18. Re1 h5 19. g5 Qxh3 20. gxf6 Bxf6 21. Ndf3 Qg3+ 22. Kh1 Bxe5 23. Nxe5 f6 24. Nc4 Qf3+ 25. Kh2 Bxe4 26. Qb2 Bd5 27. Nd6 Rad8 28. Nf5 Rfe8 29. Nh4 Qe4 30. Qf2 Qd3 31. Qd2 Qc4 32. Rg1 Bf3 33. Qf2 Bg4 34. Rxg4 hxg4 35. Rg1 Qxc3 36. Rg3 Rd5 37. f5 Rd3 38. Ng2 c4 39. Qe2 Re4 40. Rxg4 Rexe3 41. Rxg7+ Kxg7 42. Qg4+ Kf8 0-1

[Event "Larnaca OFIS op 2nd"]
[Site "Larnaca"]
[Date "2021.10.27"]
[Round "1"]
[White "Frendzas, Panayotis"]
[Black "Deva, Atilla"]
[Result "1-0"]
[WhiteElo "2228"]
[BlackElo "1631"]
[PlyCount "95"]
[EventDate "2021.10.22"]
[EventType "swiss"]
[EventRounds "9"]
[EventCountry "CYP"]
[SourceTitle "CBM 204 Extra"]
[Source "ChessBase"]
[SourceDate "2021.11.30"]
[SourceVersion "1"]
[SourceVersionDate "2021.11.30"]
[SourceQuality "1"]

1. d4 d5 2. Nf3 Nf6 3. c4 e6 4. g3 Be7 5. Bg2 0-0 6. 0-0 Nbd7 7. Qc2 c6 8. Nbd2 Re8 9. e4 dxe4 10. Nxe4 Nxe4 11. Qxe4 Nf8 12. Rd1 Bf6 13. Qc2 Ng6 14. h4 h6 15. h5 Nf8 16. Bf4 Qa5 17. Ne5 Bd7 18. b4 Qd8 19. c5 a6 20. Nc4 Ra7 21. Nd6 Re7 22. Be5 Bxe5 23. dxe5 f5 24. f4 Qc7 25. Nc4 Be8 26. Bf3 Ra8 27. Rd6 g5 28. hxg6 Bxg6 29. Kf2 Rh7 30. Rh1 h5 31. Qe2 Qf7 32. Rdd1 Rh6 33. Rh4 Qe7 34. Rdh1 a5 35. Nxa5 Rxa5 36. bxa5 Qxc5+ 37. Kg2 Qa3 38. Bxh5 Kg7 39. Bf3 Rxh4 40. gxh4 Qxa5 41. h5 Be8 42. Qf2 Qa4 43. Qg3+ Kh7 44. Kh3 b5 45. Rg1 Bg6 46. hxg6+ Kg7 47. Qh4 Qa3 48. Qf6+ 1-0

[Event "WC-2021-T-00001"]
[Site "LSS email"]
[Date "2021.01.15"]
[Round "?"]
[White "Frendzas, Panayotis"]
[Black "Mueller Alves, Martin"]
[Result "1/2-1/2"]
[WhiteElo "2547"]
[BlackElo "2397"]
[PlyCount "82"]
[EventDate "2021.01.15"]
[EventType "tourn (corr)"]
[EventRounds "10"]
[EventCountry "GER"]
[SourceTitle "Corr 2024"]
[Source "ChessBase"]
[SourceDate "2023.10.19"]
[SourceVersion "1"]
[SourceVersionDate "2023.10.19"]
[SourceQuality "1"]

1. e4 e5 2. Nf3 Nf6 3. Nc3 Nc6 4. Bb5 Nd4 5. 0-0 Nxb5 6. Nxb5 c6 7. Nc3 d6 8. d4 Qc7 9. Bg5 Be7 10. a4 0-0 11. h3 h6 12. Bh4 Be6 13. Re1 a5 14. Bg3 Nd7 15. b3 Qb6 16. Qd2 Rad8 17. Rad1 Rfe8 18. Re3 Bf8 19. Qe2 f6 20. d5 Bf7 21. Nh4 g6 22. f3 Rc8 23. Bf2 Qc7 24. Rd2 Nb6 25. g4 Kh7 26. Kf1 cxd5 27. Nxd5 Nxd5 28. exd5 Be7 29. c4 Qd8 30. Ng2 f5 31. Qd3 Bf6 32. f4 Qd7 33. Rg3 g5 34. fxg5 Bxg5 35. gxf5 e4 36. Qd4 Qxf5 37. Ne3 Qf4 38. Rg4 Qf3 39. Rg3 Qf4 40. Rg4 Qf3 41. Rg3 Qf4 1/2-1/2

[Event "WC-2021-T-00001"]
[Site "LSS email"]
[Date "2021.01.15"]
[Round "?"]
[White "Frendzas, Panayotis"]
[Black "Osipov, Anatoly"]
[Result "1/2-1/2"]
[WhiteElo "2547"]
[BlackElo "2429"]
[PlyCount "101"]
[EventDate "2021.01.15"]
[EventType "tourn (corr)"]
[EventRounds "10"]
[EventCountry "GER"]
[SourceTitle "Corr 2024"]
[Source "ChessBase"]
[SourceDate "2023.10.19"]
[SourceVersion "1"]
[SourceVersionDate "2023.10.19"]
[SourceQuality "1"]

1. e4 c5 2. Nf3 d6 3. d4 cxd4 4. Nxd4 Nf6 5. Nc3 a6 6. Be3 e5 7. Nb3 Be6 8. h3 Be7 9. Qf3 0-0 10. 0-0-0 b5 11. g4 b4 12. Nd5 a5 13. Nd2 Nxd5 14. exd5 Bc8 15. Bd3 Nd7 16. h4 a4 17. h5 b3 18. a3 bxc2 19. Bxc2 Qc7 20. Kb1 Rb8 21. h6 g6 22. Ne4 f6 23. Qe2 Nb6 24. Bd3 Qb7 25. Nc3 Bxg4 26. Qxg4 Nc4 27. Qe6+ Kh8 28. Nb5 Qxb5 29. b4 Nxa3+ 30. Ka2 Qb7 31. Rc1 Qxb4 32. Rb1 Nxb1 33. Rxb1 Qa5 34. Qxe7 Qxd5+ 35. Ka1 Qf7 36. Qxd6 Rbd8 37. Qa6 Rc8 38. Rb7 Rc7 39. Rxc7 Qxc7 40. Bc4 g5 41. Qe6 Qd8 42. Kb2 Qd1 43. Ka2 Qc2+ 44. Ka3 Qc3+ 45. Kxa4 Qa1+ 46. Kb4 Rb8+ 47. Kc5 Qa5+ 48. Kc6 Qa8+ 49. Kd6 Rf8 50. Kc5 Qa5+ 51. Kd6 1/2-1/2

[Event "WC-2021-T-00001"]
[Site "LSS email"]
[Date "2021.01.15"]
[Round "?"]
[White "Langer, Raimund"]
[Black "Frendzas, Panayotis"]
[Result "1/2-1/2"]
[WhiteElo "2476"]
[BlackElo "2547"]
[PlyCount "57"]
[EventDate "2021.01.15"]
[EventType "tourn (corr)"]
[EventRounds "10"]
[EventCountry "GER"]
[SourceTitle "Corr 2024"]
[Source "ChessBase"]
[SourceDate "2023.10.19"]
[SourceVersion "1"]
[SourceVersionDate "2023.10.19"]
[SourceQuality "1"]

1. Nf3 c5 2. e4 e6 3. d4 cxd4 4. Nxd4 Nf6 5. Nc3 Nc6 6. Nxc6 bxc6 7. e5 Nd5 8. Ne4 Bb7 9. Be2 c5 10. 0-0 Qc7 11. Nd6+ Bxd6 12. exd6 Qc6 13. f3 e5 14. c4 Nf4 15. Bxf4 exf4 16. Bd3 0-0 17. Qd2 Rae8 18. Qxf4 Re6 19. Rad1 g6 20. h4 Qxd6 21. Qxd6 Rxd6 22. Be4 Rxd1 23. Rxd1 Bxe4 24. fxe4 Rb8 25. b3 Rb7 26. Rd5 Rc7 27. Kf2 Kf8 28. Ke3 Ke7 29. g4 1/2-1/2

[Event "Anogia op 8th"]
[Site "Anogia"]
[Date "2019.08.23"]
[Round "7"]
[White "Frendzas, Panayotis"]
[Black "Samaridis, Konstantinos"]
[Result "1-0"]
[WhiteElo "2248"]
[BlackElo "2055"]
[PlyCount "139"]
[EventDate "2019.08.18"]
[EventType "swiss"]
[EventRounds "9"]
[EventCountry "GRE"]
[SourceTitle "EXT 2020"]
[Source "ChessBase"]
[SourceDate "2019.10.17"]
[SourceVersion "1"]
[SourceVersionDate "2019.10.17"]
[SourceQuality "1"]

1. e4 c5 2. Nf3 d6 3. Bb5+ Bd7 4. Bxd7+ Qxd7 5. c4 e5 6. Nc3 Nc6 7. d3 g6 8. 0-0 Bg7 9. Ne1 Nge7 10. Nc2 0-0 11. a3 Nd4 12. Nxd4 cxd4 13. Qa4 Qc6 14. Qxc6 bxc6 15. Na4 f5 16. f3 Rfb8 17. b4 a5 18. Bd2 axb4 19. axb4 Ra7 20. c5 dxc5 21. Nxc5 Rba8 22. Ra5 Kf7 23. Rc1 Nc8 24. Nb7 Rxa5 25. Nxa5 Ne7 26. Kf1 Rc8 27. Bg5 Bf6 28. Bd2 Ke6 29. Ke2 Kd7 30. Nc4 Rb8 31. Ra1 Nc8 32. Ra5 Rb5 33. Kd1 Rxa5 34. bxa5 c5 35. Kc2 Kc6 36. Bh6 f4 37. Bf8 Kb5 38. Kb3 Na7 39. Nd6+ Kxa5 40. Kc4 Nc6 41. Ne8 Bh8 42. Bxc5 Ka4 43. Nd6 Na5+ 44. Kd5 Nb3 45. Nf7 Nxc5 46. Kxc5 Bg7 47. Kd5 Kb4 48. Nxe5 Kc3 49. Nc6 Kxd3 50. e5 Ke3 51. Nxd4 Kf2 52. Ne6 Bh6 53. Ke4 Kxg2 54. Nxf4+ Kxh2 55. Ne6 Kg3 56. f4 Kg4 57. Ng5 Kg3 58. e6 Bf8 59. Nxh7 Be7 60. Ng5 Kg4 61. Nf7 Kh5 62. Ne5 g5 63. Nc6 Ba3 64. f5 g4 65. e7 Bxe7 66. Nxe7 g3 67. Nd5 Kh4 68. Ne3 Kg5 69. Kf3 g2 70. Kxg2 1-0

[Event "Anogia op 8th"]
[Site "Anogia"]
[Date "2019.08.22"]
[Round "6"]
[White "Frendzas, Panayotis"]
[Black "Galunova, Tsveta"]
[Result "1/2-1/2"]
[WhiteElo "2248"]
[BlackElo "2143"]
[PlyCount "31"]
[EventDate "2019.08.18"]
[EventType "swiss"]
[EventRounds "9"]
[EventCountry "GRE"]
[SourceTitle "EXT 2020"]
[Source "ChessBase"]
[SourceDate "2019.10.17"]
[SourceVersion "1"]
[SourceVersionDate "2019.10.17"]
[SourceQuality "1"]

1. e4 e5 2. Nf3 Nc6 3. Bc4 Bc5 4. c3 Nf6 5. d4 exd4 6. e5 d5 7. Be2 Ne4 8. cxd4 Bb4+ 9. Bd2 Bxd2+ 10. Nbxd2 0-0 11. 0-0 f6 12. exf6 Nxf6 13. Bb5 Qd6 14. Bxc6 Qxc6 15. Rc1 Qd6 16. Qb3 1/2-1/2

[Event "Anogia op 8th"]
[Site "Anogia"]
[Date "2019.08.20"]
[Round "4"]
[White "Kostas, Panagiotis"]
[Black "Frendzas, Panayotis"]
[Result "1/2-1/2"]
[WhiteElo "2063"]
[BlackElo "2248"]
[PlyCount "51"]
[EventDate "2019.08.18"]
[EventType "swiss"]
[EventRounds "9"]
[EventCountry "GRE"]
[SourceTitle "EXT 2020"]
[Source "ChessBase"]
[SourceDate "2019.10.17"]
[SourceVersion "1"]
[SourceVersionDate "2019.10.17"]
[SourceQuality "1"]

1. d4 Nf6 2. Nc3 d5 3. Bg5 Nbd7 4. Nf3 h6 5. Bh4 e6 6. e3 Be7 7. Bd3 0-0 8. 0-0 c5 9. a4 a6 10. Re1 b6 11. e4 dxe4 12. Nxe4 Bb7 13. dxc5 Nxe4 14. Bxe4 Nxc5 15. Bxb7 Nxb7 16. Qxd8 Bxd8 17. Bg3 Rc8 18. c3 Bc7 19. Rad1 Bxg3 20. hxg3 Rfd8 21. Kf1 Nc5 22. Rxd8+ Rxd8 23. Ra1 Nb3 24. Re1 Nc5 25. Ra1 Nb3 26. Re1 1/2-1/2

[Event "Anogia Capablanca Mem-B 5th"]
[Site "Anogia"]
[Date "2018.09.19"]
[Round "9"]
[White "Lekic, Dusan"]
[Black "Frendzas, Panayotis"]
[Result "1/2-1/2"]
[WhiteElo "2363"]
[BlackElo "2307"]
[PlyCount "20"]
[EventDate "2018.09.11"]
[EventType "tourn"]
[EventRounds "9"]
[EventCountry "GRE"]
[SourceTitle "CBM 186 Extra"]
[Source "ChessBase"]
[SourceDate "2018.08.24"]
[SourceVersion "1"]
[SourceVersionDate "2018.08.24"]
[SourceQuality "1"]

1. d4 Nf6 2. c4 e6 3. Nf3 d5 4. g3 Be7 5. Bg2 0-0 6. 0-0 dxc4 7. Qc2 b6 8. Bg5 Nd5 9. Bxe7 Qxe7 10. Na3 c3 1/2-1/2